| 000 | 00952nam a2200241Ia 4500 | ||
|---|---|---|---|
| 003 | GCL | ||
| 005 | 20240530103110.0 | ||
| 008 | 140319s9999 xx 000 0 ara d | ||
| 040 |
_aGCL / _cGCL |
||
| 082 | 0 | 4 |
_a819 _bج ك |
| 100 | 1 | _aحسن حسنى عبدالوهاب التونسى | |
| 245 | 1 | 0 |
_aكتاب التبصر بالتجارة فى وصف مايستظرف فى البلدان من الامتعة الرغيعة والاعلام النفيسة والجواهر الثمينة / _cحسن حسنى عبدالوهاب التونسى |
| 260 |
_a[S.N] : _bمكتبة الخانجى ، _c1994 |
||
| 300 | _a42 ص | ||
| 490 |
_aالرسائل النادرة _v0 |
||
| 650 | 0 | 4 | _aتقاويم البلدان |
| 650 | 0 | 4 | _aبغداد |
| 650 | 0 | 4 | _aالجواهر |
| 650 | 0 | 4 | _aالاحجار الكريمة |
| 650 | 0 | 4 | _aوصف ورحلات |
| 700 | 1 | _aالجاحظ : ابوعثمان عمرو بن بحر محبوب | |
| 942 |
_2ddc _cBK |
||
| 999 |
_c36808 _d36808 |
||